Normal view
MARC view
Entry Personal Name
001 - CONTROL NUMBER
- control field: 60033
003 - CONTROL NUMBER IDENTIFIER
- control field: OSt
005 - DATE AND TIME OF LATEST TRANSACTION
- control field: 20260410120154.0
008 - FIXED-LENGTH DATA ELEMENTS
- fixed length control field: 260410|| aca||aabn | a|a d
040 ## - CATALOGING SOURCE
- Original cataloging agency: OSt
- Transcribing agency: OSt
100 ## - HEADING--PERSONAL NAME
- Personal name: Dung, Ngo Quoc Hoa, Nguyen Quynh and Cuong, Vu
670 ## - SOURCE DATA FOUND
- Source citation: Work cat.: (OSt): Dung, Ngo Quoc Hoa, Nguyen Quynh and Cuong, Vu , Cultivating adaptive workforces: A strategic implementation framework for skills ecosystem transformation in rapidly evolving economies
